Growing populations, changing landscapes (Record no. 33184)
[ view plain ]
| 000 -LEADER | |
|---|---|
| fixed length control field | 01789nam a2200361 a 4500 |
| 082 04 - DEWEY DECIMAL CLASSIFICATION NUMBER | |
| Classification number | 333.73/095 |
| 245 00 - TITLE STATEMENT | |
| Title | Growing populations, changing landscapes |
| 260 ## - PUBLICATION, DISTRIBUTION, ETC. (IMPRINT) | |
| Place of publication | Washington, D.C. : |
| Name of publisher | National Academy Press, |
| Year of publication | c2001. |
| 300 ## - PHYSICAL DESCRIPTION | |
| Number of Pages | xxiii, 299 p. : |
| Other physical details | ill., maps. |
| 500 ## - GENERAL NOTE | |
| General note | "This study was supported by Grant No. 95-31825A-POP/PCE and 96-41812A-WER between the National Academy of Sciences and John D. and Catherine T. MacArthur Foundation and Task Order #34, NO1-OD-4139 of the Dept. of Health and Human Services"--T.p. verso. |
| 650 #0 - SUBJECT ADDED ENTRY--TOPICAL TERM | |
| Topical Term | Land use |
| Topical Term | Land use |
| Topical Term | Land use |
| 856 40 - ELECTRONIC LOCATION AND ACCESS | |
| Uniform Resource Identifier | http://site.ebrary.com/lib/rucke/Doc?id=10071358 |
No items available.
